000 00669nam a2200205Ii 4500
003 JO-AjNU
008 230605s9999||||xx |||||||||||||| ||und||
040 _aJO-AjNU
_bara
_erda
_cJO-AjNU
041 _aara
050 1 4 _aBP166.9 2000
100 3 _aسلام، عاطف,
_eauthor
_99032
245 0 0 _aفقهيات بين السنة والشيعة
250 _aط1
264 3 1 _aبيروت: مركز الغدير للدراسات الاسلامية، 2000
300 _a102ص
336 _atext
_btxt
_2rdacontent
337 _aunmediated
_bn
_2rdamedia
338 _avolume
_bnc
_2rdacarrier
650 4 _aالصراع الطائفي- الفقه الاسلامي
_99033
999 _aA1092
_c4660
_d4660